| 000 | 01153nam a22002897a 4500 | ||
|---|---|---|---|
| 003 | OSt | ||
| 005 | 20140825213003.0 | ||
| 008 | 131127b2008 mex spa | ||
| 020 | _a978-970-26-1130-1 | ||
| 040 | _cBMC | ||
| 082 | _a658.11 | ||
| 082 | _a658.022 | ||
| 100 | 1 |
_910209 _aMaximiano, Antonio César Amaru |
|
| 245 | 1 | 0 |
_aAdministración para emprendedores _b: fundamentos para la creación y gestión de nuevos negocios _cAntonio Cesar Amaru Maximiano ; traducción, Jacqueline Leticia Chávez Servín ; casos para la ed. en español, Marcela Banassini Félix, Luis Alberto Rodríguez Medrano ; revisión técnica, Jorge Olmos Arrayales |
| 250 | _a1ª ed | ||
| 260 |
_aNaucalpan de Juárez (México) [etc.] _bPearson Educación _c2008 |
||
| 300 |
_aXI, 241 p. _bil. _c26 cm |
||
| 500 | _aÍndice p. 235-240 | ||
| 504 | _aBibliografía p. 233 | ||
| 650 | 2 | 4 |
_96296 _aEmprendedores |
| 650 | 2 | 4 |
_910208 _aNuevas empresas |
| 700 | 1 |
_910210 _aChávez Servín, Jacqueline L. |
|
| 700 | 1 |
_98679 _aBenassini, Claudia |
|
| 700 | 1 |
_910216 _aRodríguez Medrano, Luis Alberto |
|
| 700 | 1 |
_910217 _aOlmos Arrayales, Jorge |
|
| 942 |
_2ddc _cBK |
||
| 999 |
_c4683 _d4683 |
||